| 000 | 00784nam a2200205Ia 4500 | ||
|---|---|---|---|
| 003 | GCL | ||
| 008 | 140319s9999 xx 000 0 ara d | ||
| 040 |
_aGCL / _cGCL |
||
| 082 | 0 | 4 |
_a641.1 _bم د |
| 100 | 1 | _aالمعهد الكريبى للتغذية والطعام | |
| 245 | 1 | 0 |
_aدليل التغذية للعاملين فى مجال تنمية المجتمع فى المناطق الاستوائية / _cالمعهد الكريبى للتغذية والطعام |
| 700 | 1 | _aسلام محمود البابلى(مترجم) | |
| 260 |
_a[S.N] : _bميدتو للتنمية والرعاية الصحية ، _c1990 |
||
| 300 | _a248 ص | ||
| 490 | _a | ||
| 650 | 0 | 4 | _aالتنمية الاجتماعية |
| 650 | 0 | 4 | _aالتغذية |
| 650 | 0 | 4 | _aالصحة |
| 942 |
_2ddc _cBK |
||
| 999 |
_c54293 _d54293 |
||